000 00390nam a22001457a 4500
999 _c17639
_d17639
008 190516b xxu||||| |||| 00| 0 eng d
020 _a8131722312
050 _aBF181
_b .S65 2002 c.1
100 _aSoko Robert L.
245 _aExperimental Psychology
_bA case Approach
_cRobert L. Solso
250 _a7th ed.
260 _aIndia
_bPearson
_c2002
300 _a432p.
942 _2lcc
_cBK